000 00199nam a2200085Ia 4500
008 180219s9999 xx 000 0 und d
100 _aVenkataian S
245 0 _aRestructussing Of Teachess Word
260 _aAnmol
260 _c2007
999 _c42609
_d42609